Teoría y métodos de la investigación social
Αποθηκεύτηκε σε:
| Κύριος συγγραφέας: | |
|---|---|
| Μορφή: | Βιβλίο |
| Γλώσσα: | Ισπανικά |
| Έκδοση: |
Buenos Aires
EUDEBA
1973
|
| Έκδοση: | 3a. ed |
| Σειρά: | Biblioteca del Universitario. Manuales - Sociología
|
| Θέματα: | |
| Ετικέτες: |
Προσθήκη ετικέτας
Δεν υπάρχουν, Καταχωρήστε ετικέτα πρώτοι!
|
MARC
| LEADER | 00000nam a2200000 a 4500 | ||
|---|---|---|---|
| 001 | UCP4672 | ||
| 003 | CL-VaPUC | ||
| 008 | 990806e19730600AG |||||||||||||||||spa|d | ||
| 082 | 0 | 4 | |a 300.72 |b GAL |2 21 |
| 100 | |a Galtung, Johan |e author |9 519158 | ||
| 245 | 1 | 0 | |a Teoría y métodos de la investigación social |
| 250 | |a 3a. ed | ||
| 300 | |a 2 v | ||
| 942 | |c BK | ||
| 945 | |d 19990806 00:00:00 |a vberengu | ||
| 260 | |a Buenos Aires |b EUDEBA |c 1973 | ||
| 650 | 0 | |a Métodos de investigación |9 262618 | |
| 650 | 0 | |a Ciencias sociales |v Investigación |9 307767 | |
| 650 | 0 | |a Análisis de datos |9 269871 | |
| 650 | 0 | |a Investigación científica |9 259857 | |
| 650 | 0 | |a Encuestas |9 259666 | |
| 650 | 0 | |a Evaluación |9 271902 | |
| 650 | 7 | |a INVESTIGACION DE CAMPO |2 CL-VaPUC |9 335943 | |
| 650 | 7 | |a MUESTREO DE DATOS |2 CL-VaPUC |9 335048 | |
| 650 | 0 | |a Estadística |9 259535 | |
| 650 | 7 | |a HIPOTESIS |2 CL-VaPUC |9 432346 | |
| 583 | |a last modification |c 19990806 00:00:00 |k Rodrigo Vera | ||
| 490 | 0 | |a Biblioteca del Universitario. Manuales - Sociología | |
| 999 | |c 282576 |d 282574 | ||
| 952 | |0 0 |1 0 |4 0 |6 300_720000000000000_GAL_1973 |7 0 |8 P |9 324458 |a BIBGIM |b BIBGIM |d 2019-11-20 |h v.2 |i 3374645 |o 300.72 GAL 1973 |p 3374645 |r 2025-01-15 |w 2019-11-20 |y BK |k SSL | ||